Every City in California on a Map - Statistics

General Stats
  • This quiz has been taken 13,820 times
    5,839 since last reset
  • The average score is 111 of 483
Answers on the Map
Answers color-coded by a green-red scale on the quiz's map according to % correct below.
 
Answer Stats
City Population % Correct
Los Angeles 3,792,621
96%
Sand City 334
94%
San Francisco 805,235
94%
San Diego 1,301,617
93%
Sacramento 466,488
90%
San Jose 945,942
89%
Live Oak 8,392
86%
Thousand Oaks 126,683
85%
Fresno 494,665
83%
Oakland 390,724
82%
Bakersfield 347,483
79%
Long Beach 462,257
77%
Anaheim 336,265
75%
Santa Barbara 88,410
74%
Riverside 303,871
70%
San Bernardino 209,924
70%
Stockton 291,707
66%
Santa Monica 89,736
65%
Santa Ana 324,528
64%
El Monte 113,475
63%
Irvine 212,375
63%
Palm Desert 48,445
63%
Palm Springs 44,552
63%
Berkeley 112,580
61%
Pasadena 137,122
61%
Orange 134,616
59%
Santa Clara 116,468
58%
Santa Cruz 59,946
58%
Eureka 27,191
57%
Santa Clarita 176,320
57%
Modesto 201,165
56%
Monterey 27,810
56%
Fremont 214,089
55%
Redding 89,861
55%
San Luis Obispo 45,119
55%
Chula Vista 243,916
54%
Napa 76,915
53%
Santa Rosa 167,815
53%
Compton 96,455
52%
Huntington Beach 189,992
52%
Palo Alto 64,403
52%
Huntington Park 58,114
51%
Malibu 12,645
51%
Oxnard 197,899
51%
Beverly Hills 34,109
48%
Ventura 106,433
48%
Burbank 103,340
47%
Del Mar 4,161
47%
Oceanside 167,086
47%
Lake Forest 77,264
46%
Rancho Cordova 64,776
46%
Rancho Cucamonga 165,269
46%
Rancho Mirage 17,218
46%
Davis 65,622
45%
Glendale 191,719
45%
Monterey Park 60,269
45%
Santa Maria 99,553
45%
Chico 86,187
44%
Lancaster 156,633
44%
Ontario 163,924
44%
Salinas 150,441
44%
San Mateo 97,207
43%
Inglewood 109,673
42%
Daly City 101,123
41%
Palmdale 152,750
41%
Redwood City 76,815
41%
Carlsbad 105,328
40%
Corona 152,374
40%
Merced 78,958
40%
Newport Beach 85,186
39%
Pomona 149,058
39%
Vallejo 115,942
39%
Torrance 145,538
38%
Victorville 115,903
37%
Visalia 124,442
37%
Alameda 73,812
36%
Calexico 38,572
36%
Elk Grove 153,015
36%
Hayward 144,186
36%
South San Francisco 63,632
36%
Escondido 143,911
35%
Fontana 196,069
35%
Fullerton 135,161
35%
Richmond 103,701
35%
San Juan Bautista 1,862
35%
San Juan Capistrano 34,593
35%
Sunnyvale 140,081
35%
Concord 122,067
34%
Laguna Beach 22,723
34%
Laguna Hills 30,344
34%
Laguna Woods 16,192
34%
Temecula 100,097
34%
Chino 77,983
33%
Chino Hills 74,799
33%
Cupertino 58,302
33%
Indio 76,036
33%
Moreno Valley 193,365
33%
Simi Valley 124,237
33%
Carmel-by-the-Sea 3,722
32%
Pacific Grove 15,041
32%
Roseville 118,788
32%
South Lake Tahoe 21,403
32%
Vacaville 92,428
32%
West Hollywood 34,399
32%
Antioch 102,372
31%
Garden Grove 170,883
31%
Mountain View 74,066
31%
Sonoma 10,648
31%
Walnut 29,172
31%
Aliso Viejo 47,823
30%
San Clemente 63,522
30%
San Fernando 23,645
30%
San Rafael 57,713
30%
Yuba City 64,925
30%
Barstow 22,639
29%
Clovis 95,631
29%
Crescent City 7,643
29%
Fairfield 105,321
29%
Gilroy 48,821
29%
Imperial 14,758
29%
Imperial Beach 26,324
29%
Livermore 80,968
29%
Mission Viejo 93,305
29%
Mount Shasta 3,394
29%
West Covina 106,098
29%
Carson 91,714
28%
Coachella 40,704
28%
Costa Mesa 109,960
28%
Downey 111,772
28%
El Cajon 99,478
28%
Covina 47,796
27%
Dublin 46,036
27%
Manhattan Beach 35,135
27%
Murrieta 103,466
26%
Pleasant Hill 33,152
26%
Tracy 82,922
26%
Tulare 59,278
26%
Calabasas 23,058
25%
California City 14,120
25%
Corte Madera 9,253
25%
Culver City 38,883
25%
Half Moon Bay 11,324
25%
Redondo Beach 66,747
25%
San Marcos 83,781
25%
Shasta Lake 10,164
25%
Truckee 16,180
25%
Apple Valley 69,135
24%
El Centro 42,598
24%
Folsom 72,203
24%
Hesperia 90,173
24%
King City 12,874
24%
Milpitas 66,790
24%
San Leandro 84,950
24%
San Ramon 72,148
24%
Sausalito 7,061
24%
Vista 93,834
24%
Weed 2,967
24%
Whittier 85,331
24%
Yorba Linda 64,234
24%
Yreka 7,765
24%
Alhambra 83,089
23%
El Cerrito 23,549
23%
Los Gatos 29,413
23%
Redlands 68,747
23%
Twentynine Palms 25,048
23%
Walnut Creek 64,173
23%
Avalon 3,728
22%
Bell 35,477
22%
Bell Gardens 42,072
22%
Claremont 34,926
22%
Encinitas 59,518
22%
Jurupa Valley 95,004
22%
Lodi 62,134
22%
Madera 61,416
22%
Norwalk 105,549
22%
Petaluma 57,941
22%
Pittsburg 63,264
22%
West Sacramento 48,744
22%
Arcadia 56,364
21%
Big Bear Lake 5,019
21%
Brentwood 51,481
21%
Buena Park 80,530
21%
Hawthorne 84,293
21%
Hemet 78,657
21%
Lincoln 42,819
21%
Mill Valley 13,903
21%
Needles 4,844
21%
Pacifica 37,234
21%
Pleasanton 70,285
21%
Rancho Palos Verdes 41,643
21%
Rialto 99,171
21%
San Bruno 41,114
21%
Union City 69,516
21%
Watsonville 51,199
21%
Coronado 24,697
20%
Dana Point 33,351
20%
Dos Palos 4,950
20%
El Segundo 16,654
20%
Gardena 58,829
20%
La Mesa 57,065
20%
Lompoc 42,434
20%
Manteca 67,096
20%
Ojai 7,461
20%
Pismo Beach 7,655
20%
Santa Fe Springs 16,223
20%
Tustin 75,540
20%
Azusa 46,361
19%
Blythe 20,817
19%
Camarillo 65,201
19%
Danville 42,039
19%
East Palo Alto 28,155
19%
Emeryville 10,080
19%
Lakewood 80,048
19%
Mammoth Lakes 8,234
19%
Martinez 35,824
19%
Menifee 77,519
19%
National City 58,582
19%
Nevada City 3,068
19%
Novato 51,904
19%
Paso Robles 29,793
19%
San Dimas 33,371
19%
Seal Beach 24,168
19%
Solvang 5,245
19%
Susanville 17,947
19%
Turlock 68,549
19%
Westminster 89,701
19%
Yucca Valley 20,700
19%
Auburn 13,330
18%
Burlingame 28,806
18%
Diamond Bar 55,544
18%
Lake Elsinore 51,821
18%
Marina 19,718
18%
Menlo Park 32,026
18%
Morgan Hill 37,882
18%
Morro Bay 10,234
18%
Perris 68,386
18%
Poway 47,811
18%
San Gabriel 39,718
18%
Upland 73,732
18%
Woodland 55,468
18%
Agoura Hills 20,330
17%
Arcata 17,231
17%
Bishop 3,879
17%
Brea 39,282
17%
Citrus Heights 83,301
17%
Fort Bragg 7,273
17%
Fountain Valley 55,313
17%
Glendora 50,073
17%
Goleta 29,888
17%
Hermosa Beach 19,506
17%
Hollister 34,928
17%
Industry 219
17%
La Habra 60,239
17%
La Habra Heights 5,325
17%
Los Altos 28,976
17%
Los Altos Hills 7,922
17%
Los Banos 35,972
17%
Newark 42,573
17%
Paradise 26,218
17%
Placerville 10,389
17%
San Carlos 28,406
17%
San Pablo 29,139
17%
Santee 53,413
17%
Saratoga 29,926
17%
Sierra Madre 10,917
17%
Ukiah 16,075
17%
Albany 18,539
16%
Atherton 6,914
16%
Campbell 39,349
16%
Cathedral City 51,200
16%
Hanford 53,967
16%
La Cañada Flintridge 20,246
16%
Laguna Niguel 62,979
16%
Loma Linda 23,261
16%
Palos Verdes Estates 13,438
16%
Red Bluff 14,076
16%
Rocklin 56,974
16%
San Jacinto 44,199
16%
San Marino 13,147
16%
South Gate 94,396
16%
South Pasadena 25,619
16%
Tiburon 8,962
16%
American Canyon 19,454
15%
Atascadero 28,310
15%
Bellflower 76,616
15%
Colton 52,154
15%
Delano 53,041
15%
Foster City 30,567
15%
Highland 53,104
15%
Jackson 4,651
15%
Lafayette 23,893
15%
Oroville 15,546
15%
Paramount 54,098
15%
Porterville 54,165
15%
Rancho Santa Margarita 47,853
15%
San Joaquin 4,001
15%
Seaside 33,025
15%
Yucaipa 51,367
15%
Baldwin Park 75,390
14%
Beaumont 36,877
14%
Belmont 25,835
14%
Benicia 26,997
14%
Commerce 12,823
14%
Hercules 24,060
14%
Lynwood 69,772
14%
Millbrae 21,532
14%
Monrovia 36,590
14%
Montebello 62,500
14%
Oakley 35,432
14%
Piedmont 10,667
14%
Rohnert Park 40,971
14%
Rosemead 53,764
14%
Santa Paula 29,321
14%
Brawley 24,953
13%
Carpinteria 13,040
13%
Cypress 47,802
13%
Dixon 18,351
13%
Eastvale 53,670
13%
La Mirada 48,527
13%
La Quinta 37,467
13%
Lemon Grove 25,320
13%
Marysville 12,072
13%
Montclair 36,664
13%
Moorpark 34,421
13%
Moraga 16,016
13%
Norco 27,063
13%
Oakdale 20,675
13%
Orinda 17,643
13%
Ridgecrest 27,616
13%
Rio Vista 7,360
13%
Scotts Valley 11,580
13%
Westlake Village 8,270
13%
Anderson 9,932
12%
Banning 29,603
12%
Brisbane 4,282
12%
Capitola 9,918
12%
Chowchilla 18,720
12%
Clearlake 15,250
12%
Desert Hot Springs 25,938
12%
Fillmore 15,002
12%
Grass Valley 12,860
12%
Hawaiian Gardens 14,254
12%
Healdsburg 11,254
12%
Hidden Hills 1,856
12%
La Verne 31,063
12%
Lawndale 32,769
12%
Pico Rivera 62,942
12%
Placentia 50,533
12%
Rolling Hills 1,860
12%
Signal Hill 11,016
12%
Solana Beach 12,867
12%
Sonora 4,903
12%
Sutter Creek 2,501
12%
Tehachapi 14,414
12%
Temple City 35,558
12%
Vernon 112
12%
Adelanto 31,765
11%
Alturas 2,827
11%
Arroyo Grande 17,252
11%
Ceres 45,417
11%
Cerritos 49,041
11%
Coalinga 13,380
11%
Colma 1,792
11%
Duarte 21,321
11%
Hillsborough 10,825
11%
Indian Wells 4,958
11%
La Puente 39,816
11%
Port Hueneme 21,723
11%
Sebastopol 7,379
11%
Soledad 25,738
11%
Stanton 38,186
11%
Suisun City 28,111
11%
Amador City 185
10%
Artesia 16,522
10%
Atwater 28,168
10%
Buellton 4,828
10%
Calistoga 5,155
10%
Fairfax 7,441
10%
Fortuna 11,926
10%
Galt 23,647
10%
Grover Beach 13,156
10%
Irwindale 1,422
10%
Larkspur 11,926
10%
Lomita 20,256
10%
Los Alamitos 11,449
10%
McFarland 12,707
10%
Mountain House 9,675
10%
Pinole 18,390
10%
Point Arena 449
10%
Portola 2,104
10%
Portola Valley 4,353
10%
Rolling Hills Estates 8,067
10%
San Anselmo 12,336
10%
South El Monte 20,116
10%
St. Helena 5,814
10%
Taft 9,327
10%
Wasco 25,545
10%
Willows 6,166
10%
Windsor 26,801
10%
Woodside 5,287
10%
Yountville 2,933
10%
Arvin 19,304
9%
Clayton 10,897
9%
Colusa 5,971
9%
Corcoran 24,813
9%
Greenfield 16,330
9%
La Palma 15,568
9%
Lathrop 18,023
9%
Orland 7,291
9%
Ross 2,415
9%
Selma 23,219
9%
Williams 5,123
9%
Angels Camp 3,836
8%
Calimesa 7,879
8%
Calipatria 7,705
8%
Canyon Lake 10,561
8%
Cloverdale 8,618
8%
Colfax 1,963
8%
Cudahy 23,805
8%
Ferndale 1,371
8%
Firebaugh 7,549
8%
Gonzales 8,187
8%
Guadalupe 7,080
8%
Lakeport 4,753
8%
Lemoore 24,531
8%
Maricopa 1,154
8%
Maywood 27,395
8%
Patterson 20,413
8%
Reedley 24,194
8%
Ripon 14,297
8%
Sanger 24,270
8%
Shafter 16,988
8%
Tehama 418
8%
Trinidad 367
8%
Villa Park 5,812
8%
Wildomar 32,176
8%
Willits 4,888
8%
Winters 6,624
8%
Avenal 15,505
7%
Belvedere 2,068
7%
Blue Lake 1,253
7%
Bradbury 1,048
7%
Corning 7,663
7%
Cotati 7,265
7%
Del Rey Oaks 1,624
7%
Dinuba 21,453
7%
Dorris 939
7%
Dunsmuir 1,650
7%
Escalon 7,132
7%
Exeter 10,334
7%
Holtville 5,939
7%
Kingsburg 11,382
7%
Livingston 13,058
7%
Loomis 6,430
7%
Mendota 11,014
7%
Monte Sereno 3,341
7%
Tulelake 1,010
7%
Westmorland 2,225
7%
Etna 737
6%
Fort Jones 839
6%
Fowler 5,570
6%
Grand Terrace 12,040
6%
Gridley 6,584
6%
Huron 6,754
6%
Ione 7,918
6%
Isleton 804
6%
Kerman 13,544
6%
Lindsay 11,768
6%
Orange Cove 9,078
6%
Plymouth 1,005
6%
Riverbank 22,678
6%
Woodlake 7,279
6%
Biggs 1,707
5%
Farmersville 10,588
5%
Gustine 5,520
5%
Montague 1,443
5%
Newman 10,224
5%
Parlier 14,494
5%
Rio Dell 3,368
5%
Waterford 8,456
5%
Wheatland 3,456
5%
Hughson 6,640
4%
Loyalton 769
4%
No matching quizzes found
Score Distribution
Percent of People with Each Score
Percentile by Number Answered
Your Score History
You have not taken this quiz since the last reset